Re-inventing the corporation: Transforming your job and your company for the new information society
Shranjeno v:
| Glavni avtor: | |
|---|---|
| Format: | Knjiga |
| Jezik: | Undetermined |
| Izdano: |
New York
Warner Books
1985
|
| Teme: | |
| Oznake: |
Označite
Brez oznak, prvi označite!
|
| Thư viện lưu trữ: | Trung tâm Học liệu Trường Đại học Cần Thơ |
|---|
| LEADER | 00652nam a2200181Ia 4500 | ||
|---|---|---|---|
| 001 | CTU_43238 | ||
| 008 | 210402s9999 xx 000 0 und d | ||
| 082 | |a 658.4 | ||
| 082 | |b N159 | ||
| 100 | |a John Naisbitt | ||
| 245 | 0 | |a Re-inventing the corporation: Transforming your job and your company for the new information society | |
| 245 | 0 | |c John Naisbitt, Patricia Aburdene | |
| 260 | |a New York | ||
| 260 | |b Warner Books | ||
| 260 | |c 1985 | ||
| 650 | |a corporate culture - united states,organizational change - united states,quality of work life - united states | ||
| 904 | |i Minh, 010901 | ||
| 980 | |a Trung tâm Học liệu Trường Đại học Cần Thơ | ||